000
00289nam a2200121Ia 4500
008
190216s9999||||xx |||||||||||||| ||und||
100
_a
Grewal T S
245
0
_a
Analysis Of Financial Statements
260
_b
Sulthan Chand&Sons
_c
1991
300
_a
312p
650
_a
Commerce
942
_c
BK
999
_c
5506
_d
5506